Wapenschilden van Belgische Provincies - Statistieken

Algemene statistieken
  • Deze quiz is 744 keer genomen
  • De gemiddelde score is 8 van 10
Antwoordstatistieken
Foto Antwoord % Correct
West-Vlaanderen
85%
Antwerpen
84%
Limburg
83%
Luik
83%
Oost-Vlaanderen
79%
Waals-Brabant
79%
Henegouwen
77%
Luxemburg
76%
Namen
76%
Vlaams-Brabant
75%
Geen overeenkomende quizzen gevonden
Scoreverdeling
Procent van Mensen met Elke Score
Percentiel versus Aantal Correcte Antwoorden
Uw Scoregeschiedenis
U heeft deze quiz nog niet genomen